Anàlisi de l'agricultura a la Vall d'Aran / Roser Majoral i Moliné, Francesc López i Palomeque
ISBN:
84-393-0206-1
Publicado:
[Barcelona] :
Generalitat de Catalunya. Departament d'Agricultura, Ramaderia i Pesca, DL 1983
Descripción Física:
197 p. : il., 1 map. pleg. ; 30 cm
Otros Autores:
López i Palomeque, Francesc
MARC
| LEADER | 00000nam a2200000Ia 4500 | ||
|---|---|---|---|
| 001 | 1607 | ||
| 008 | 160829s9999 xx 000 0 cat d | ||
| 020 | |a 84-393-0206-1 | ||
| 080 | |a C-1-54 | ||
| 100 | |a Majoral i Moliné, Roser |9 25015 | ||
| 245 | |a Anàlisi de l'agricultura a la Vall d'Aran / Roser Majoral i Moliné, Francesc López i Palomeque | ||
| 260 | |a [Barcelona] : |b Generalitat de Catalunya. Departament d'Agricultura, Ramaderia i Pesca, DL 1983 | ||
| 300 | |a 197 p. : |b il., 1 map. pleg. ; |c 30 cm | ||
| 590 | |a Bibliografia | ||
| 650 | |a Agricultura |x Aspectes econòmics |x Vall d'Aran |9 36360 | ||
| 650 | |a Bestiar |x Aspectes econòmics |x Vall d'Aran |9 36361 | ||
| 700 | |a López i Palomeque, Francesc |9 36362 | ||
| 710 | 1 | |a Catalunya. |b Departament d'Agricultura, Ramaderia i Pesca |9 55595 | |
| 901 | |a Arxiu | ||
| 942 | |n 1 | ||
| 952 | |0 0 |1 0 |4 0 |6 C154 |7 1 |9 47298 |a Arxiu |b Arxiu |d 2016-12-01 |l 0 |o C-1-54 |p 1607 |r 2016-12-01 00:00:00 |w 2016-12-01 |y ARXIU | ||
| 999 | |c 51095 |d 51095 | ||